000
00229nam a2200097Ia 4500
008
190216s9999||||xx |||||||||||||| ||und||
100
_a
Uroob
245
0
_a
Miss Chinnuvum Lady Januvum
260
_b
Prabhath Book House
942
_c
BK
999
_c
24016
_d
24016